000 00859 a2200229 4500
001 41139
005 20260407155705.0
008 260407a2008 arg spa d
003 AR-UNSa-BCEJYS
040 _aAR-UNSa-BCEJYS
_bspa
_cAR-UNSa-BCEJYS
080 _a347.251
_xPosesión
245 1 0 _aCesión de derechos posesorios
_pmodelos comentados
020 _a978-950-894-664-5
264 1 _aBuenos Aires :
_bAD-HOC
_c2008
300 _a89 p.
_c23 cm.
505 _a1. Introducción - 2. Posesión - 3. Accesión de posesiones - 4. Cesión de derechos posesorios - 5. Obligaciones de las partes - 6. Conclusión
041 _aspa
942 _cBK
590 _aniveau_biblio:m niveau_hierar:0
100 1 _aSoligo Schuler, Nicolás A.
856 4 1 _uhttps://biblioeco.unsa.edu.ar/pmb/images/libros/cesion_d_drcho_Soligo.jpg
_yImagen de portada
_qimage/jpeg
999 _c3392
_d3392